Państwa najbliższe Pakistanowi - Statystyki

Ogólne statystyki
  • Ten quiz został rozwiązany 411 razy
  • Średni wynik to 17 z 20
Statystyki odpowiedzi
km Państwo % Poprawnych
0 Indie
98%
0 Iran
96%
0 Afganistan
94%
1184 Irak
94%
0 Chiny
93%
16 Tadżykistan
93%
434 Turkmenistan
91%
330 Uzbekistan
91%
262 Kirgistan
89%
531 Kazachstan
88%
550 Nepal
86%
703 Arabia Saudyjska
84%
342 Oman
82%
1206 Jemen
80%
1005 Katar
79%
527 Zjednoczone Emiraty Arabskie
79%
1417 Bhutan
78%
1209 Kuwejt
78%
1407 Bangladesz
72%
1073 Bahrajn
70%
Nie znaleziono quizów pasujących do podanych kryteriów
Rozkład punktacji
Procent ludzi z każdym wynikiem
Percentyl według liczby udzielonych odpowiedzi
Twoja historia wyników
Nie rozwiązałeś tego quizu